000 00576nam a2200241 a 4500
001 nice12345678
003 IN_TiNIC
005 20260116011403.0
008 050524s1959 lona grp 000 0 eng
020 _a
_c100
082 0 0 _a231
_bSAY
100 _aSayers, Dorothy L
245 _aMind of the Maker.
260 _aLondon
_bMethuen and Company
_c1959
300 _a186p
500 _aincludes index and biblioraphy
505 2 _aAppendix
650 _aGod-Biblical Teaching
700 1 _aSayers, Dorothy L
902 _bSRS
942 _cBK
999 _c1081
_d1081